Entry Personal Name
Number of records used in: 1
001 - CONTROL NUMBER
003 - CONTROL NUMBER IDENTIFIER
005 - DATE AND TIME OF LATEST TRANSACTION
- control field:
20220106151412.0
008 - FIXED-LENGTH DATA ELEMENTS
- fixed length control field:
831017n| acannaab| |n aaa |||
010 ## - LIBRARY OF CONGRESS CONTROL NUMBER
- LC control number:
n 83167434
040 ## - CATALOGING SOURCE
- Original cataloging agency:
DLC
- Transcribing agency:
DLC
100 10 - HEADING--PERSONAL NAME
- Personal name:
Reed, Robert W.
670 ## - SOURCE DATA FOUND
- Source citation:
Brunelle, R.L. Forensic examination of ink and paper, 1984:
- Information found:
CIP t.p. (Robert W. Reed, M.F.S., Riva, Md.)